في قبضة الأخطبوط : (Record no. 16676)
[ view plain ]
| 000 -الفاتح | |
|---|---|
| حقل البيانات ثابتة الطول | 00951nam a22001697a 4500 |
| 008 - عناصر البيانات ثابتة الطول - معلومات عامة | |
| حقل البيانات ثابتة الطول | 120422s1996 mm|||||r|||| 000 0 ara d |
| 082 ## - رقم تصنيف ديوى العشرى | |
| رقم التصنيف | 363.31 |
| رقم المادة | ك و د |
| 100 ## - المدخل الرئيسى - إسم شخصى | |
| 9 (RLIN) | 29694 |
| الإسم الشخصى | كودارد ، دونالد |
| 245 ## - بيان العنوان | |
| العنوان | في قبضة الأخطبوط : |
| بقية العنوان | من بيروت إلى لوكربي : خفايا المخابرات العسكرية الأمريكية / |
| بيان المسئوليه,etc | دونالد كودارد ، ليستر نوكس كولمان |
| 260 ## - PUBLICATION, DISTRIBUTION, ETC. (IMPRINT) | |
| مكان الناشر او الموزع | مالطا : |
| اسم الناشر او الموزع | مؤسسة آدم، |
| تاريخ النشر أو التوزيع | 1996 |
| 300 ## - الوصف المادى | |
| التعداد | 391 ص : |
| تفاصيل ماديه اخرى للوعاء | أيض ؛ |
| أبعاد الوعاء | 22 سم |
| 500 ## - تبصرة عامة | |
| تبصرة عامة | صدر لأول مرة باللغة الإنجليزية ببريطانيا، 1993 |
| 651 ## - المدخل الاضافى بالموضوع - اسم جغرافى | |
| 9 (RLIN) | 21751 |
| الاسم الجغرافي | الولايات المتحدة الأمريكية |
| التقسيم الفرعي العام | وكالة المخابرات |
| 700 ## - المدخل الاضافى - اسم شخصى | |
| 9 (RLIN) | 29695 |
| الإسم الشخصى | كولمان ، ليستر نوكس |
| 942 ## - عناصر المدخل الإضافي( كوها) | |
| مصدر التصنيف او مخطط الترفيف | Dewey Decimal Classification |
| Koha [default] item type | Book - Borrowing |
| حالة التراجع | حالة الفقد | مصدر التصنيف او خطة الترفيف | حالة تلف | ليس للاعارة | مجموعات كوها | المكان الدائم | المكان الحالي | موقع الترفيف | تاريخ الاكتساب | Source of acquisition | رقم الاستدعاء | الباركود | Date last seen | نوع الوعاء |
|---|---|---|---|---|---|---|---|---|---|---|---|---|---|---|
| Dewey Decimal Classification | Alef-Baa | Central Library | Central Library | First floor | 22/04/2012 | 363.31 ك و د | 000026654 | 15/07/2025 | Book - Borrowing |